00734nam a2200241 a 4500003000900000005001700009008004100026040001300067100002000080245003900100260005800139300001000197490006300207500005100270600002500321650002500346650002200371650002900393650001500422650001500437653002500452655001500477AR-BaBNM20251128204252.0082120s2002 ||||||||||||||000 | spa|| cAR-BaBNM1 aRomano, Eduardo00aAnálisis de "Don Segundo Sombra" aBuenos AiresbCentro Editor de América Latinac1967 a57 p. 0aEnciclopedia literaria. España e Hispanoaméricavv. 18 aContiene referencias bibliográficas en p. 5414aGüiraldes, Ricardo 4aLITERATURA ARGENTINA 4aCRITICA LITERARIA 4aCOSTUMBRES Y TRADICIONES 4aESCRITORES 4aCRIOLLISMO aLITERATURA GAUCHESCA aLITERATURA